02000nam a2200313uu 4500001000800000005001700008007001000025008004100035035001200076040001300088041000800101080000800109100005600117245014700173300001800320500010100338520080900439650002601248650003801274650002601312700005401338700005801392700004901450942001001499999001901509502001201528526000801540952013801548157984720260508094755.0cr|||||||230123 spa  a1579847 ccomduadb aspa aEGM10aLondoño Betancur, Elkin Alberto4auteaut957079310aProcedimiento para la recepción y puesta en servicio de subestaciones convencionales de alta tensión con énfasis en el Comisionamiento a163 páginas aClasificación EGM 12769 Localización centro de Documentación de Ingeniería CENDOI20-146.3 aA través de este trabajo hemos tratado de desarrollar la metodología que se debe aplicar para la recepción, pruebas y puesta en servicio de subestaciones convencionales de alta tensión con énfasis en el Comisionamiento. Mostrar cómo deben interactuar los procesos de Diseño, Montajes, Operación, control y protecciones y Mantenimiento de las EPM E.S.P. en el desarrollo de un proyecto nuevo de construcción de una subestación de energía eléctrica, o de reposición de equipos y se fijan los parámetro básicos para lograr optimizar las pruebas preoperativas, de recepción y puesta en servicio de un proyecto completo y la posterior operación y mantenimiento de las instalaciones a lo largo de su vida útil. aObras civiles9167481 aSubestaciones eléctricas936404 aAlta tensión93294610a Hurtado Reyes , Carlos Alberto4auteaut980857110a Echeverri Carmona, Reinaldo Alonso4auteaut980912210aGiraldo Jiménez, William4sadesad9290677 cTESIS c846319d846319 b192c17 a194 001040708TESDIGaCENDIbCENDId2023-01-23iC13330033l0oEGM 12769r2023-05-05 00:00:00t1w2023-05-05yINTERzAcceso restringido.